Guess that Ouran Host club character! - Statistics

General Stats
  • This quiz has been taken 146 times
  • The average score is 7 of 14
Answer Stats
Hint Answer % Correct
"I hate all these damn rich people.." Haruhi Fujioka
92%
"Momma!! Haruhi's using those dirty
boy words again!!!"
Tamaki Suoh
83%
Previous’s body Guard Takashi "Mori" Morinozuka
70%
caused tension between japan
and america ever since he was woken up
Mitsukni "Honey" Haninozuka
58%
Dead mom Kotoko Fujioka
53%
Delulu at its finest Renge Houshakuji
49%
Which one is him? Hikaru Hitachiin
43%
Office siren Kyoya Ootori
42%
Just wants to play kick the can Ritsu Kasanoda
37%
Zuka club Second year Chizuru Maihara
36%
Transvestite Ryouji Fujioka
36%
Daughter of the Zuka club founder Benio Amakusa
30%
is NOT a crybaby Kaoru Hitachiin
29%
Zuka club first year Hintako Tsuwabuki
17%
No matching quizzes found
Score Distribution
Percent of People with Each Score
Percentile by Number Answered
Your Score History
You have not taken this quiz